h1

h2

h3

h4

h5
h6
000961988 001__ 961988
000961988 005__ 20230722040227.0
000961988 0247_ $$2BMBF$$aG:(BMBF)03XP0334$$d03XP0334
000961988 035__ $$aG:(BMBF)03XP0334
000961988 150__ $$a
Model2Life- Modellbasierte Systemauslegung für 2nd-Life-Nutzungsszenarien von mobilen Batteriesystemen
$$y2021-01-01 - 2023-12-31
000961988 450__ $$aBMBF 03XP0334$$wd$$y2021-01-01 - 2023-12-31
000961988 5101_ $$0I:(DE-588b)5309538-8$$aBundesministerium für Bildung und Forschung$$bBMBF
000961988 8564_ $$u
https://foerderportal.bund.de/foekat/jsp/SucheAction.do?actionMode=view=03XP0334
$$wb
000961988 909CO $$ooai:juser.fz-juelich.de:1009387$$pauthority$$pauthority:GRANT
000961988 909CO $$ooai:juser.fz-juelich.de:1009387
000961988 980__ $$aG
000961988 980__ $$aAUTHORITY